You Either Know 'Em or You Don't - Flags - Statistics

General Stats
  • This quiz has been taken 48 times
  • The average score is 5 of 5
Answer Stats
Picture Answer % Correct
Afghanistan
100%
Andorra
100%
Angola
100%
Antigua and Barbuda
100%
Armenia
100%
Australia
100%
Azerbaijan
100%
Bangladesh
100%
Barbados
100%
Belarus
100%
Belize
100%
Brunei
100%
Burundi
100%
Canada
100%
Cape Verde
100%
China
100%
Comoros
100%
Croatia
100%
Czech Republic
100%
Denmark
100%
Djibouti
100%
Dominica
100%
D.R. Congo
100%
Ecuador
100%
Egypt
100%
Equatorial Guinea
100%
Eritrea
100%
Ethiopia
100%
Fiji
100%
France
100%
F.S. of Micronesia
100%
Georgia
100%
Germany
100%
Greece
100%
Guinea
100%
Guyana
100%
Haiti
100%
Hungary
100%
Iceland
100%
India
100%
Ireland
100%
Israel
100%
Ivory Coast
100%
Jamaica
100%
Japan
100%
Kazakhstan
100%
Kenya
100%
Kiribati
100%
Kosovo
100%
Kuwait
100%
Latvia
100%
Lebanon
100%
Lesotho
100%
Libya
100%
Liechtenstein
100%
Madagascar
100%
Malta
100%
Marshall Islands
100%
Mauritania
100%
Mauritius
100%
Mexico
100%
Moldova
100%
Monaco
100%
Mongolia
100%
Morocco
100%
Myanmar
100%
New Zealand
100%
Niger
100%
North Korea
100%
Oman
100%
Pakistan
100%
Palau
100%
Panama
100%
Papua New Guinea
100%
Paraguay
100%
Poland
100%
Portugal
100%
Qatar
100%
Samoa
100%
San Marino
100%
Saudi Arabia
100%
Seychelles
100%
Sierra Leone
100%
Singapore
100%
Slovenia
100%
South Africa
100%
South Korea
100%
Sri Lanka
100%
St. Lucia
100%
Suriname
100%
Sweden
100%
Switzerland
100%
Taiwan
100%
Tajikistan
100%
Thailand
100%
Trinidad & Tobago
100%
Tunisia
100%
Turkey
100%
Turkmenistan
100%
Tuvalu
100%
United States
100%
Uruguay
100%
Vanuatu
100%
Vietnam
100%
Yemen
100%
Zambia
100%
Zimbabwe
100%
Austria
67%
Cameroon
67%
Rwanda
67%
Algeria
50%
Botswana
50%
Iraq
50%
Albania
0%
Argentina
0%
Bahamas
0%
Bahrain
0%
Belgium
0%
Benin
0%
Bhutan
0%
Bolivia
0%
Bosnia & Herzegovina
0%
Brazil
0%
Bulgaria
0%
Burkina Faso
0%
Cambodia
0%
Central African Republic
0%
Chile
0%
Colombia
0%
Costa Rica
0%
Cuba
0%
Cyprus
0%
East Timor
0%
El Salvador
0%
Estonia
0%
Eswatini
0%
Finland
0%
Gabon
0%
Gambia
0%
Ghana
0%
Grenada
0%
Guatemala
0%
Honduras
0%
Indonesia
0%
Iran
0%
Italy
0%
Jordan
0%
Kyrgyzstan
0%
Laos
0%
Liberia
0%
Lithuania
0%
Luxembourg
0%
Malawi
0%
Malaysia
0%
Maldives
0%
Mali
0%
Montenegro
0%
Mozambique
0%
Namibia
0%
Nauru
0%
Nepal
0%
Netherlands
0%
Nicaragua
0%
North Macedonia
0%
Norway
0%
Peru
0%
Philippines
0%
Rep. of the Congo
0%
Russia
0%
Sao Tome & Principe
0%
Senegal
0%
Serbia
0%
Slovakia
0%
Solomon Islands
0%
Somalia
0%
South Sudan
0%
Spain
0%
St. Kitts & Nevis
0%
St. Vincent and the Grenadines
0%
Sudan
0%
Syria
0%
Tanzania
0%
Togo
0%
Tonga
0%
Uganda
0%
United Arab Emirates
0%
United Kingdom
0%
Uzbekistan
0%
Vatican City
0%
Venezuela
0%
No matching quizzes found
Score Distribution
Percent of People with Each Score
Percentile by Number Answered
Your Score History
You have not taken this quiz